Productividad acuática

Gorde:
Xehetasun bibliografikoak
Egile nagusia: Russell-Hunter, W. D (Egilea)
Formatua: Liburua
Hizkuntza:gaztelania
Argitaratua: Zaragoza Acribia 1973
Gaiak:
Etiketak: Etiketa erantsi
Etiketarik gabe, Izan zaitez lehena erregistro honi etiketa jartzen!

MARC

LEADER 00000nam a2200000 a 4500
001 UCY3915
003 CL-VaPUC
008 950123e19730000SP |||||||||||||||||spa|d
082 0 4 |a 578.77  |b RUS  |2 21 
100 0 |a Russell-Hunter, W. D  |e author  |9 332343 
245 1 0 |a Productividad acuática 
246 1 0 |a Introducción a algunos aspectos básicos de la oceanografía biológica y de la limnología 
300 |a 273 p 
942 |c BK 
945 |d 19950123 00:00:00  |a mfernand 
260 |a Zaragoza  |b Acribia  |c 1973 
650 0 |a Biología marina  |9 259965 
650 7 |a PRODUCTIVIDAD BIOLOGICA  |2 CL-VaPUC  |9 330751 
650 7 |a LIMNOLOGIA  |2 CL-VaPUC  |9 261208 
583 |a last modification  |c 19950123 00:00:00  |k Rodrigo Vera 
999 |c 231949  |d 231947 
952 |0 0  |1 0  |2 ddc  |4 0  |6 578_770000000000000_RUS_1973  |7 0  |8 P  |9 235802  |a BIBCUR  |b BIBCUR  |c PAC  |d 2019-11-15  |i 3058239  |o 578.77 RUS 1973  |p 3058239  |r 2025-04-22  |w 2019-11-15  |y BK  |k CIM 
952 |0 0  |1 0  |2 ddc  |4 0  |6 578_770000000000000_RUS_1973  |7 0  |8 P  |9 235803  |a BIBCUR  |b BIBCUR  |c PAC  |d 2019-11-15  |i 3058247  |o 578.77 RUS 1973  |p 3058247  |r 2025-04-22  |w 2019-11-15  |y BK  |k CIM 
952 |0 0  |1 0  |2 ddc  |4 0  |6 578_770000000000000_RUS_1973  |7 0  |8 P  |9 235804  |a BIBCUR  |b BIBCUR  |c PAC  |d 2019-11-15  |i 3058255  |o 578.77 RUS 1973  |p 3058255  |r 2025-04-22  |w 2019-11-15  |y BK  |k CIM